Представление документа в формате MARC21

Поле Инд. ПП Название Значение
Тип записи a
Библиографический уровень m
001 Контрольный номер 1ba15869-3a9d-4dd9-8d7e-ce703887b347
005 Дата корректировки 20131112144505.4
008 Кодируемые данные 060607s1986 rur a 000u 0rus d
017 a Номер государственной регистрации 86-80848
2 Источник номера ЛГР
020 a ISBN (В пер.)
c Цена, тираж 1 р. 20 к.
040 a Служба первич. каталог. RuMoRKP
041 00 a Код языка текста rus
080 00 a Индекс УДК 947
a Индекс УДК 957
a Индекс УДК 338(47+57)(091)
084 a Индекс другой классификации/Индекс ББК 63.3(2)7
090 x Авторский знак Г492
092 00 a 03.19
100 _0 a Автор Гинзбург Семен Захарович
245 a Заглавие О прошлом для будущего
c Ответственность С. З. Гинзбург
250 a Основные сведения об издании 2-е изд., доп.
260 a Место издания Москва
b Издательство Политиздат
c Дата издания 1986
300 a Объем 364,[2] с., [8] л. ил.
c Размеры 21 см
650 a Основная рубрика Строительство в СССР
x Основная подрубрика История
x Основная подрубрика Воспоминания и записки
653 a Ключевые слова История России и СССР